| 000 | 01326cam a22002054a 4500 | ||
|---|---|---|---|
| 005 | 20250605164329.0 | ||
| 008 | 250528s ||||||||||||||||||||||||d | ||
| 035 | _a23171 | ||
| 020 | _a9780750684484 | ||
| 040 |
_aGR-AtMCL _bgre _dGR-AtMCL _eAACR2 |
||
| 245 | 1 | _aEntrepreneurship and Small Business Management in the Hospitality Industry | |
| 260 |
_bElsevier - Butterworth Heinemann, _c2009 |
||
| 300 | _a294 | ||
| 520 | _aThis book takes an intuitive step - by - step progression through each stage of the entrepreneurial process: context, theoretical perspectives and definitions; Concept to reality; The business plan; Growth and the future. Context and Theoretical Perspectives and Definitions, Indigenous and Ethnic Entrepreneurship: A Cultural Perspective, Entrepreneurs and Small Firm Ownership, Creativity and the Entrepreneurship, Innovation and Opportunity and Protection, The Feasibility Analysis, The Family Business: Who's to Bless and Who's to Blame?, Hospitality and Commercial Homes and Entrepreneurship, Preparing a Business Plan, Leadership and the Entrepreneur: ''I'm Right Behind You Leading the Way'', Growth: The Harder I Work the Luckier I Get, References, Index. | ||
| 700 | 1 |
_aLashley Conrad _98746 |
|
| 700 | 1 |
_aLee-Ross Darren _98747 |
|
| 942 | _cBK | ||
| 999 |
_c8201 _d8201 |
||